000
00322nam a22001457a 4500
008
240311b ||||| |||| 00| 0 eng d
020
_a
9789951633000
041
_a
eng
080
_2
2012
_a
574
082
_a
574ELE
100
_a
44
101
_a
MJEDISI
245
_a
GEOLOGY OF KOSOVA
_c
ELEZAJ ZENUN
942
_2
udc
_c
BK
999
_c
60594
_d
60594